|
|
|
|
| LEADER |
00000nab a2200000 a 4500 |
| 001 |
vtls000005872 |
| 003 |
SK-MaSNL |
| 005 |
20260304052647.0 |
| 008 |
250422c1978 xo 0 slo |
| 015 |
|
|
|a SNBRB19rr/mm-uuuuu
|
| 035 |
|
|
|a CL0015965
|
| 035 |
|
|
|a urn:nbn:sk:snk-ab1tvv
|
| 035 |
|
|
|a (urnnbn)urn:nbn:sk:snk:ar-a00yb0
|
| 035 |
|
|
|a (uuid)36212e8d-edb4-4350-919e-9efdcdf9fa30
|
| 040 |
|
|
|a SNKBUCL
|b slo
|c SNKBUCL
|e AACR2
|
| 041 |
0 |
|
|a slo
|
| 044 |
|
|
|a xo
|c SK
|
| 080 |
|
|
|a 78
|2 1981
|
| 080 |
|
|
|a 92 Hrk, Ján
|2 1981
|
| 100 |
1 |
|
|a Braniš, František
|4 aut
|9 487086
|
| 245 |
1 |
0 |
|a Ján Hrk
|c František Braniš
|
| 650 |
0 |
7 |
|a Hrk, Ján,
|d 1923-1991
|2 snkbucl
|9 924053
|
| 655 |
|
7 |
|a články z novín a časopisov
|2 snkbucl
|9 267496
|
| 773 |
0 |
|
|t Hudobný život
|g Roč. 10, č. 15 (31. 7. 1978), s. 7
|
| 850 |
|
|
|a Slovenská národná knižnica
|
| 852 |
|
|
|a Slovenská národná knižnica
|
| 954 |
|
|
|a odborná, vedecká literatúra pôvodná (slovenská)
|2 lita
|
| 958 |
|
|
|a article27
|
| 958 |
|
|
|a OND
|
| 958 |
|
|
|a RK
|
| 958 |
|
|
|a EUIPO
|
| 992 |
|
|
|a RBX
|
| 999 |
|
|
|c 2709255
|d 2711185
|